Mots par leur écriture phonétique #3 - Statistiques

Statistiques générales
  • Ce quiz a été pris 69 fois
  • Le résultat moyen est 11 sur 20
Statistiques - réponses
API Mot % Correct
kaʁamɛl Caramel
100%
spiʁal Spirale
77%
tiɡʁ Tigre
77%
palɛt Palette
68%
aʁmyʁ Armure
63%
etwal Étoile
59%
ɔʁkide Orchidée
57%
ɡlasɔ̃ Glaçon
55%
sykʁ Sucre
55%
bʁiz Brise
54%
kʁeatyʁ Créature
54%
maskaʁa Mascara
50%
pʁizɔ̃ Prison
50%
vəluʁ Velours
46%
ʃalœʁ Chaleur
45%
ʁasin Racine
45%
kɔlɛ̃ Colin
41%
mɑ̃t Menthe
27%
ʁəfyʒ Refuge
27%
sɛ̃tʁ Cintre
21%
Aucun quiz correspondant
Distribution des résultats
% des personnes avec chaque résultat
Percentile par nombre de réponses
Votre historique - résultats
Vous n’avez pas pris ce quiz